What happens next? (Record no. 84652)
[ view plain ]
| 000 -LEADER | |
|---|---|
| fixed length control field | 00976cad a22002295a 4500 |
| 001 - CONTROL NUMBER | |
| control field | L158672 |
| 008 - FIXED-LENGTH DATA ELEMENTS--GENERAL INFORMATION | |
| fixed length control field | 100701s2015 xxk f 000 0 eng d |
| 035 ## - SYSTEM CONTROL NUMBER | |
| System control number | (Sirsi) u158672 |
| 041 0# - LANGUAGE CODE | |
| Language code of text/sound track or separate title | eng |
| 100 1# - MAIN ENTRY--PERSONAL NAME | |
| Personal name | McMeeken, Roxane |
| 245 00 - TITLE STATEMENT | |
| Title | What happens next? |
| Medium | [electronic resource] |
| 260 ## - PUBLICATION, DISTRIBUTION, ETC. | |
| Place of publication, distribution, etc. | London |
| Name of publisher, distributor, etc. | RICS |
| Date of publication, distribution, etc. | 2015 |
| 490 ## - SERIES STATEMENT | |
| Series statement | Modus |
| Volume/sequential designation | June 2015, 30-33(3) |
| 520 ## - SUMMARY, ETC. | |
| Summary, etc. | Rebuilding a city destroyed by conflict takes more than just bricks and mortar. It also requires surveyors of extraordinary courage, drive and vision. Focuses on the role of chartered surveyors in post-war development and the identification of investment opportunities. |
| 590 ## - LOCAL NOTE (RLIN) | |
| Local note | KA |
| 650 24 - SUBJECT ADDED ENTRY--TOPICAL TERM | |
| Topical term or geographic name entry element | POST-WAR REDEVELOPMENT |
| 650 24 - SUBJECT ADDED ENTRY--TOPICAL TERM | |
| Topical term or geographic name entry element | INVESTMENT POTENTIAL |
| 651 #4 - SUBJECT ADDED ENTRY--GEOGRAPHIC NAME | |
| Geographic name | International |
| 690 ## - LOCAL SUBJECT ADDED ENTRY--TOPICAL TERM (OCLC, RLIN) | |
| Topical term or geographic name as entry element | Construction management |
| 9 (RLIN) | 6230 |
| 856 48 - ELECTRONIC LOCATION AND ACCESS | |
| Uniform Resource Identifier | <a href="http://web.archive.org/web/20170623233851/https://www.rics.org/uk/news/journals/modus/the-conflict-issue/">http://web.archive.org/web/20170623233851/https://www.rics.org/uk/news/journals/modus/the-conflict-issue/</a> |
| Public note | View archived copy here |
| 942 ## - ADDED ENTRY ELEMENTS (KOHA) | |
| Suppress in OPAC | 0 |
| Source of classification or shelving scheme | Dewey Decimal Classification |
| Withdrawn status | Lost status | Source of classification or shelving scheme | Damaged status | Not for loan | Home library | Current library | Shelving location | Date acquired | Total Checkouts | Full call number | Barcode | Date last seen | Copy number | Price effective from | Koha item type |
|---|---|---|---|---|---|---|---|---|---|---|---|---|---|---|---|
| Dewey Decimal Classification | London | London | Journal article | 03/06/2015 | L158672 | 158672-2001 | 06/08/2019 | 1 | 06/08/2019 | Journal article |